La verdad y las formas jurídicas
Saved in:
| Main Author: | |
|---|---|
| Format: | Book |
| Language: | Spanish |
| Published: |
Barcelona
Gedisa
2011
|
| Edition: | 1a. ed |
| Series: | Cla.de.ma. Filosofía. Filosofía del Derecho
|
| Subjects: | |
| Tags: |
Add Tag
No Tags, Be the first to tag this record!
|
MARC
| LEADER | 00000cam a2200000 a 4500 | ||
|---|---|---|---|
| 001 | UCD1702 | ||
| 003 | CL-VaPUC | ||
| 008 | 160324e20110000sp |||||||||||||||||spa|d | ||
| 020 | |a 9788474320909 | ||
| 082 | 0 | 4 | |a 364.6 |b FOU |2 21 |
| 100 | |a Foucault, Michel |e author |9 257945 | ||
| 245 | 1 | 3 | |a La verdad y las formas jurídicas |
| 250 | |a 1a. ed | ||
| 300 | |a 191 p | ||
| 942 | |c BK | ||
| 945 | |d 20160324 12:59:00 |a arojas | ||
| 260 | |a Barcelona |b Gedisa |c 2011 | ||
| 650 | 7 | |a CONFERENCIAS |2 CL-VaPUC |9 584856 | |
| 650 | 0 | |a Filosofía del derecho |9 255050 | |
| 650 | 0 | |a Verdad |9 313815 | |
| 650 | 0 | |a Castigos corporales |9 313473 | |
| 650 | 0 | |a Criminología |9 256168 | |
| 583 | |a last modification |c 20160324 12:59:00 |k Rodrigo Vera | ||
| 490 | 0 | |a Cla.de.ma. Filosofía. Filosofía del Derecho | |
| 999 | |c 362973 |d 362971 | ||
| 952 | |0 0 |1 0 |3 erb |4 0 |6 364_600000000000000_FOU_2011 |7 0 |8 R |9 474628 |a BIBEDU |b BIBEDU |c MCIRC |i 5267757 |l 3 |o 364.6 FOU 2011 |p 5267757 |r 2023-10-19 |s 2023-10-19 |w 2019-11-24 |y BK_R |z Catalogado en:20160324 |k FIL | ||